000 00661nam a2200205 4500
001 110984
003 ES-MaACL
005 20250930063111.0
007 t|
008 061121s1950 sp r ||||1| spa d
100 _aNavarro Tomás, Tomás,
_d1884-1979
_9226508
245 1 0 _aManual de pronunciación española /
_cT. Navarro Tomás.
250 _a6ª ed.
260 _aMadrid :
_b[s. n.],
_c1950 (
_fTip. Florez)
300 _a326 p. :
_bil. ;
_c21 cm.
500 _aEs una publicación de la Rev. de Filología Española.
710 2 _aInstituto "Miguel de Cervantes"
_95133
852 _aES-MaACL
_jD-7686
_bR.30695
999 _c110984
_d110984